000 00219nam a2200097Ia 4500
008 190216s9999||||xx |||||||||||||| ||und||
100 _aNull
245 0 _aWatering Hughts
260 _bBharatiya Vidya Bhavan
942 _cBK
999 _c18769
_d18769